Online Catalogue and eLibrary

Sinhala sinama wanshaya (Record no. 1458)

MARC details
000 -LEADER
fixed length control field 00388nam a2200157Ia 4500
005 - DATE AND TIME OF LATEST TRANSACTION
control field 20250526025911.0
008 - FIXED-LENGTH DATA ELEMENTS--GENERAL INFORMATION
fixed length control field 240331s9999 xx 000 0 und d
020 ## - INTERNATIONAL STANDARD BOOK NUMBER
ISBN 9559516507
082 ## - DDC Classification
Item Number - Author Mark AMA
Class No. 302
100 ## - MAIN ENTRY--PERSONAL NAME
Personal name Amerasena, A.U
245 #0 - TITLE STATEMENT
Title Sinhala sinama wanshaya
260 ## - PUBLICATION, DISTRIBUTION, ETC.
Place of publication, distribution, etc. Colombo
Name of publisher, distributor, etc. Sumathi Publishers
Date of publication, distribution, etc. 1988
300 ## - PHYSICAL DESCRIPTION
Extent (e.g. Volumes, Pages etc.) 192 p .,
500 ## - GENERAL NOTE
General note About Sinhala Cinema
942 ## - Koha item type (Biblio)
Koha item type Books in Stacks (Lending)
Holdings
Lost status Damaged status Collection code Home library Current library Shelving location Date acquired Full call number Accession Number Item type
    Lending WERC Library WERC Library Social Science Cupboard 03/31/2024 302.2 AMA 917 Books in Stacks (Lending)

© WERC Library